000 00697nam a2200253Ia 4500
008 200601s9999 xx 000 0 und d
020 _a981-261-133-9
050 _aREF DS 799.4
050 _b.B38 2005
100 _aBates, Chris.
245 0 _aCultureshock! :
245 0 _bTaiwan /
245 0 _cChris Bates, Ling-li Bates.
260 _aSingapore :
260 _bMarshall Cavendish Editions,
260 _c2005
300 _a292 pages :
300 _billustrations (some color) ;
300 _c22 cm.
440 _aCultureshock!
500 _aIncludes bibliographical references and index.
650 _aEtiquette -- Taiwan.
650 _xTaiwan -- Social life and customs.
999 _c363311
_d363311